000 00860nas a2200241 4500
001 BR2016000169
003 BR-BrBNA
005 20231205130032.0
007 ta
008 230509b bl.|||p| |||| 00| 00por d
040 _aBR-BrBNA
_bpor
_cBiblioteca Nacional de Agricultura
041 _a(Pt)
072 _aP34
100 1 _aStürmer, S.L.
245 1 _aEfeito de diferentes isolados fúngicos da mesma comunidade micorrízica no crescimento e absorção de fósforo em soja e trevo vermelho
650 _aBIOLOGIA DO SOLO
650 _aMICORRIZA VESICULAR ARBUSCULAR
650 _aSOJA
773 0 _tRevista Brasileira de Ciência do Solo (Brasil)
_xISSN 1806-9657
_g(Jul-Aug 2004), v. 28(4) p. 611-622
_wBR2016000169
856 4 0 _uhttp://www.scielo.br/pdf/rbcs/v28n4/21787.pdf
909 _a202311
_bLúcia
_c55
_dLúcia Elande
942 _2AGRIS
_n0
_cANA
999 _c247553
_d247553